Bundesliga Table by Amount of Members - Statistics

General Stats
  • This quiz has been taken 52 times
  • The average score is 15 of 18
Answer Stats
Place Members Club % Correct
1. 360.000 Bayern Munich
100%
2. 218.000 Borussia Dortmund
100%
3. 190.000 Schalke 04
95%
4. 140.000 Eintracht Frankfurt
93%
6. 110.000 HSV
93%
12. 56.000 Werder Bremen
93%
4. 140.000 1. FC Köln
89%
7. 102.000 Borussia M‘Gladbach
84%
11. 58.000 Hertha BSC
82%
13. 55.000 Bayer Leverkusen
80%
8. 100.000 VfB Stuttgart
80%
18. 30.000 VfL Bochum
73%
15. 34.000 1. FC Kaiserslautern
70%
16. 34.000 1. FC Nürnberg
68%
9. 70.000 SC Freiburg
68%
10. 68.000 Union Berlin
68%
17. 33.000 Fortuna Düsseldorf
64%
14. 49.000 St. Pauli
57%
No matching quizzes found
Score Distribution
Percent of People with Each Score
Percentile by Number Answered
Your Score History
You have not taken this quiz